Statistics for Largest Asian Country not Bordering previously listed ones

Click here to take the quiz!

General Stats

  • This quiz has been taken 63 times
  • The average score is 11 of 19

Answer Stats

RANK COUNTRY % Correct
1Chi{na}
100%
2Sa{udi Arabia}
94%
3I{ndonesia}
90%
4Iran
71%
7Japan
65%
8Philippines
65%
14Taiwan
59%
11South Korea
59%
6Uzbekistan
57%
5Thailand
57%
13Sri Lanka
57%
19Maldives
55%
12Georgia
49%
17Bahrain
47%
16Brunei
45%
18Singapore
45%
9Syria
43%
10Bangladesh
39%
15Cyprus
37%

Score Distribution

Percentile by Number Answered

Percent of People with Each Score

Your Score History

You have not taken this quiz